ბათუმის შოთა რუსთაველის სახელმწიფო უნივერსიტეტის ბიბლიოთეკა

ოლეოცეკალური კუთხის ქირურგიული ანატომია / (ბიბ.ჩანაწერი № 62611)

000 -ლიდერი
ფიქსირებული სიგრძის საკონტროლო ველი 01153nam a22002297a 4500
003 - საკონტროლო ნომრის იდენტიფიკატორი
საკონტროლო ველი Ge_BSU
005 - ბოლო ოპერაციის თარიღი და დრო
საკონტროლო ველი 20241217165950.0
008 - ფიქსირებული სიგრძის მონაცემთა ელემენტები - ზოგადი ინფორმაცია
ფიქსირებული სიგრძის საკონტროლო ველი 241217s1969 ge ||||| |||| 00| 0 geo d
041 ## - ენის კოდი
Language code of text/sound track or separate title geo
080 ## - უნივერსალური ათობითი კლასიფიკაციის ინდექსი
Universal Decimal Classification number 611.95 კ-37
100 ## - მთავარი ჩანაწერი - პიროვნების სახელი
Relator code კახიანი, ვ.
245 ## - ცნობა სათაურის შესახებ
Title ოლეოცეკალური კუთხის ქირურგიული ანატომია /
Statement of responsibility, etc ვ. კახიანი; წინასიტყვაობის ავტორი და რედაქტორი დ. იოსელიანი.
264 ## - წარმოების, გამოცემის, დისტრიბუციის და სხვა ცნობები
გამოცემის, წარმოების, დისტრიბუციის... ადგილი თბილისი :
გამოცემის, წარმოების, დისტრიბუციის... სახელწოდება მეცნიერება,
გამოცემის, წარმოების, დისტრიბუციის... თარიღი 1969.
300 ## - ფიზიკური აღწერა
Extent 498 გვ.:
Other physical details ილ.;
Dimensions 26 სმ.
500 ## - ზოგადი შენიშვნა
General note პარალ. სათაური რუსულ ენაზე
504 ## - BIBLIOGRAPHY, ETC. NOTE
Bibliography, etc ბიბლიოგრ. გვ465-496
653 ## - INDEX TERM--UNCONTROLLED
Uncontrolled term ქირურგიული ანატომია
653 ## - INDEX TERM--UNCONTROLLED
Uncontrolled term მედიცინა
700 ## - ADDED ENTRY--PERSONAL NAME
Personal name იოსელიანი, დ.
Relator term წინასიტყვაობა
9 (RLIN) 23989
700 ## - ADDED ENTRY--PERSONAL NAME
Personal name იოსელიანი, დ.
Relator term რედაქტორი
9 (RLIN) 23989
942 ## - ADDED ENTRY ELEMENTS (KOHA)
Source of classification or shelving scheme
Koha item type წიგნი
ეგზემპლარები
ჩამოწერის სტატუსი დაკარგული ეგზემპლარის სტატუსი კლასიფიკაციის წყარო ან თაროზე გაწყობის სქემა დაზიანების სტატუსი არ გაიცემა მუდმივი მდებარეობა (დაცვის ადგილი) ამჟამინდელი ადგილსამყოფელი თაროზე განთავსების ადგილი შეძენის თარიღი ღირებულება, შესყიდვის ნორმალური ფასი სრული შენახვის შიფრი შტრიხკოდი ბოლო ოპერაციის თარიღი ეგზემპლარის მიმდევრობითი ნომერი (კეტერი?) ფასის ძალაში შესვლის თარიღი ეგზემპლარის სახეობა საჯარო შენიშვნა
          ბათუმის შოთა რუსთაველის სახელმწიფო უნივერსიტეტის მთავარი ბიბლიოთეკა ბათუმის შოთა რუსთაველის სახელმწიფო უნივერსიტეტის მთავარი ბიბლიოთეკა წიგნსაცავი 2024-12-17 10.00 611.95 კ-37 69992 2024-12-17 69992 2024-12-17 წიგნი 10 ლ.